Fr. Conceicao Rodrigues College of Engineering

Applied mathematics III-Computer & IT (Record no. 30692)

MARC details
000 -LEADER
fixed length control field 00313nam a2200133Ia 4500
082 ## - DEWEY DECIMAL CLASSIFICATION NUMBER
Classification number 519
Item number KUM
100 ## - MAIN ENTRY--PERSONAL NAME
Personal name Kumbhojkar/G.v
245 ## - TITLE STATEMENT
Title Applied mathematics III-Computer & IT
260 ## - PUBLICATION, DISTRIBUTION, ETC.
Name of publisher, distributor, etc. C.Jamnadas & Co
Date of publication, distribution, etc. 2014
546 ## - LANGUAGE NOTE
Language note ENGLISH
-- production
650 ## - SUBJECT ADDED ENTRY--TOPICAL TERM
Topical term or geographic name entry element Applied mathematics
942 ## - ADDED ENTRY ELEMENTS (KOHA)
Koha item type BOOK
Holdings
Withdrawn status Lost status Damaged status Not for loan Collection Home library Current library Date acquired Source of acquisition Total Checkouts Full call number Barcode Date last seen Price effective from Koha item type
        CRC Fr. Agnel's C.Rodrigues College of Engineering Fr. Agnel's C.Rodrigues College of Engineering 17/03/2023 Allied Publishers   519 KUM 23397 17/03/2023   BOOK